| 000 | 02169nam0a2200385 i 4500 | ||
|---|---|---|---|
| 001 | RU\NLR\bibl\1970554 | ||
| 005 | 20260406080116.0 | ||
| 010 |
_a9785408009749 _93000 |
||
| 021 |
_aRU _b2012-85519 _96337 |
||
| 035 | _a(NLR Aleph) 001959402 | ||
| 090 |
_a3804451 _c3804451 |
||
| 100 | _a20121123d2013 u y0rusy50 ca | ||
| 101 | 0 | _arus | |
| 102 | _aRU | ||
| 105 | _ay ||||||||| | ||
| 200 | 1 |
_aУниверсальные поурочные разработки по истории Древнего мира _eк учебным комплектам: А.А. Вигасина и др.(М.: Просвещение); Ф.А. Михайловского (М.: Русское слово); Е.В. Саплиной и др.(М.: Дрофа) _e5 класс _fО.В. Арасланова, К.А. Соловьев |
|
| 205 |
_a[Универс. изд. _b3-е изд., перераб. и доп.] |
||
| 210 |
_aМосква _cВАКО _d2013 [т.е. 2012] |
||
| 215 |
_a510, [1] с. _d20 |
||
| 225 | 1 | _aВ помощь школьному учителю | |
| 300 | _aЗагл. обл.: Поурочные разработки по истории Древнего мира | ||
| 300 | _aКн. фактически изд. в 2012 г. | ||
| 320 | _aБиблиогр.: с. 509-510 | ||
| 512 | 1 |
_6z45790 _aПоурочные разработки по истории Древнего мира |
|
| 606 | 1 |
_aДревняя история _jРуководства, пособия и т.п. _xУроки _xПланы _xСредняя школа _92332480 _3RU\NLR\auth\661394715 |
|
| 686 | _aЧ426.33-260.21я7 | ||
| 700 | 1 |
_aАрасланова _bО. В. _gОльга Васильевна _4070 |
|
| 701 | 1 |
_4070 _7ca _8rus _aСоловьев _bК. А. _cд-р ист. наук _gКирилл Андреевич _923959 _3RU\NLR\auth\7741008 |
|
| 790 | 1 |
_6z45 _aАрасланова _bО. В. _gОльга Васильевна _4070 |
|
| 790 | 1 |
_4070 _7ca _8rus _aСоловьев _bК. А. _cд-р ист. наук _gКирилл Андреевич _923959 _3RU\NLR\auth\7741008 |
|
| 801 | 0 |
_aRU _bNLR _c20121123 _gRCR |
|
| 801 | 1 |
_aRU _bNLR _c20121123 |
|
| 942 | _cBOOK | ||
| 980 | _aNBR | ||